Public-private-community partnerships : a case of unilever's corporate social responsibility in Surabaya, Indonesia /
محفوظ في:
| المؤلف الرئيسي: | |
|---|---|
| التنسيق: | أطروحة كتاب |
| اللغة: | English |
| منشور في: |
2016.
|
| الموضوعات: | |
| الوصول للمادة أونلاين: | http://studentsrepo.um.edu.my/6558/ |
| الوسوم: |
إضافة وسم
لا توجد وسوم, كن أول من يضع وسما على هذه التسجيلة!
|
| LEADER | 01413cam a2200337 i 4500 | ||
|---|---|---|---|
| 001 | u1041521 | ||
| 003 | SIRSI | ||
| 005 | 201610124445 | ||
| 008 | 161012s2016 my a m 000 0 eng | ||
| 040 | |a UMM |d AUM |e rda | ||
| 041 | |a a-io--- | ||
| 090 | |a H62 |b UMP 2016 Nuri | ||
| 100 | 0 | |a Nurul Isnaeni, |e author. | |
| 245 | 1 | 0 | |a Public-private-community partnerships : |b a case of unilever's corporate social responsibility in Surabaya, Indonesia / |c Nurul Isnaeni. |
| 264 | 1 | |c 2016. | |
| 264 | 4 | |c 2016. | |
| 300 | |a xix, 294 leaves , 92 unnumbered leaves : |b colour illustrations ; |c 30 cm. | ||
| 336 | |a text |2 rdacontent | ||
| 337 | |a unmediated |2 rdamedia | ||
| 338 | |a volume |2 rdacarrier | ||
| 502 | |b Ph.D. |c Institut Asia Europah, Universiti Malaya |d 2016. | ||
| 504 | |a Bibliography: leaves 295-308. | ||
| 650 | 0 | |a Social responsibility of business |z Indonesia. | |
| 650 | 0 | |a Social responsibility of business |v Case studies. | |
| 650 | 0 | |a Public-private sector cooperation |z Indonesia. | |
| 710 | 2 | |a Universiti Malaya. |b Institut Asia Eropah, |e degree granting institution. | |
| 856 | 4 | 1 | |u http://studentsrepo.um.edu.my/6558/ |
| 900 | |a NSR NSM | ||
| 596 | |a 1 25 | ||
| 999 | |a H62 UMP 2016 NURI |w LC |c 1 |i A516501811 |d 4/1/2017 |f 4/1/2017 |g 1 |l STACKS |m P01UTAMA |r Y |s Y |t TESIS |u 4/1/2017 |1 AHSS | ||
| 999 | |a H62 UMP 2016 NURI |w LC |c 1 |i A517298370 |f 28/1/2022 |g 1 |l STACKS |m P25UMARCHI |r N |s Y |t CD |u 28/1/2022 |1 AHSS |o .STAFF. MST-CD404 | ||
